|
|
|
|
| LEADER |
01741cam a2200505 a 4500 |
| 001 |
nkc20112179430 |
| 003 |
CZ PrNK |
| 005 |
20130502132242.0 |
| 007 |
ta |
| 008 |
110307s2011 xr f 000 0 cze d |
| 015 |
|
|
|a cnb002179430
|
| 020 |
|
|
|a 978-80-87212-67-7
|q (brož.)
|
| 035 |
|
|
|a (OCoLC)746836048
|
| 040 |
|
|
|a KLG001
|b cze
|d BOA001
|
| 041 |
0 |
|
|a cze
|a slo
|b eng
|
| 043 |
|
|
|a e-cs---
|
| 045 |
|
|
|a x2x2
|
| 072 |
|
7 |
|a 342
|x Ústavní právo. Správní právo
|2 Konspekt
|9 16
|
| 080 |
|
|
|a 342.4
|2 MRF
|
| 080 |
|
|
|a 342
|2 MRF
|
| 080 |
|
|
|a (437)
|2 MRF
|
| 080 |
|
|
|a (048.8:082)
|2 MRF
|
| 100 |
1 |
|
|a Čechurová, Jana,
|d 1969-
|7 jn99240001692
|4 aut
|
| 245 |
1 |
0 |
|a Ústava 1920 :
|b vyvrcholení konstituování československého státu /
|c Jana Čechurová, Lukáš Šlehofer a kol.
|
| 250 |
|
|
|a Vyd. 1.
|
| 260 |
|
|
|a Praha :
|b Leges,
|c 2011
|
| 300 |
|
|
|a 192 s. ;
|c 21 cm
|
| 490 |
1 |
|
|a Teoretik
|
| 504 |
|
|
|a Obsahuje bibliografické odkazy
|
| 546 |
|
|
|a Část. slovenský text, anglická resumé
|
| 648 |
|
4 |
|a 1920
|
| 648 |
|
7 |
|a 1918-1921
|7 ch525258
|2 czenas
|
| 650 |
0 |
7 |
|a ústava
|7 ph117714
|z Československo
|y 1918-1921
|2 czenas
|
| 650 |
0 |
7 |
|a ústavní právo
|7 ph116908
|z Československo
|y 1918-1921
|2 czenas
|
| 650 |
0 |
9 |
|a constitution
|z Czechoslovakia
|y 1918-1921
|2 eczenas
|
| 650 |
0 |
9 |
|a constitutional law
|z Czechoslovakia
|y 1918-1921
|2 eczenas
|
| 655 |
|
7 |
|a kolektivní monografie
|7 fd501537
|2 czenas
|
| 655 |
|
9 |
|a collective monographs
|2 eczenas
|
| 700 |
1 |
|
|a Šlehofer, Lukáš
|7 xx0115381
|4 aut
|
| 830 |
|
0 |
|a Teoretik
|0 s
|
| 910 |
2 |
|
|a BOA001
|b 2-1270.236
|
| 990 |
|
|
|a BK
|
| 995 |
|
|
|a 01
|
| 991 |
|
|
|b 201107
|c NOV
|e n
|
| 996 |
6 |
|
|b 2610483999
|c 2-1270.236
|l MZK
|r Sklad / do 1 hodiny
|n 8
|p p.v.
|w 001191601
|u 000010
|a 1
|e BOA001
|j MZK50
|s P
|